Libya True Or False - Statistics

General Stats
  • This quiz has been taken 67 times
  • The average score is 8 of 10
Answer Stats
Question Answer % Correct
Libya is in Asia False
100%
Libya's population in 2021 is around 1,000,000 False
100%
The currency of Libya is Euro False
100%
The Capital of Libya is Tripoli True
100%
Libya is dangerous True
100%
Libya Is Independent True
100%
Libya is bounded by Sudan True
67%
Libya Home To The Largest Proven Oil Reserves In Africa True
67%
Libya Has Had Only One King In Its Lifetime True
50%
Mongolia is bigger than Libya False
33%
No matching quizzes found
Score Distribution
Percent of People with Each Score
Percentile by Number Answered
Your Score History
You have not taken this quiz